The sentence in written English ; a syntactic study based on an analysis of scientific texts /

Bibliographic Details
Main Author: Huddleston, Rodney D.
Format: Book
Language:English
Published: Cambridge [England] : University Press, 1971.
Series:Cambridge studies in linguistics ; 3.
Subjects:

MARC

Tag First Indicator Second Indicator Subfields
LEADER 00000cam a2200000 4500
001 in00000216708
005 20151009055344.0
008 710716s1971 enk b 00110 eng
010 |a  76139714  
015 |a B*** 
020 |a 0521080622 
035 |a (OCoLC)00151868 
035 |9 AAX0615AM 
040 |a DLC  |c DLC  |d OCL  |d TXA  |d UtOrBLW 
049 |a TXAM 
050 0 0 |a PE1375  |b .H8 
082 0 |a 425 
100 1 |a Huddleston, Rodney D. 
245 1 4 |a The sentence in written English ;  |b a syntactic study based on an analysis of scientific texts /  |c [by] Rodney D. Huddleston. 
264 1 |a Cambridge [England] :  |b University Press,  |c 1971. 
300 |a vii, 344 pages ;  |c 24 cm. 
336 |a text  |b txt  |2 rdacontent 
337 |a unmediated  |b n  |2 rdamedia 
338 |a volume  |b nc  |2 rdacarrier 
490 1 |a Cambridge studies in linguistics ;  |v 3 
500 |a Revised version of the author's contribution to Sentence and clause in scientific English, the final report of a research project carried out at University College London in 1964-7. 
504 |a Bibliography: pages 331-334. 
650 0 |a English language  |x Syntax. 
650 0 |a English language  |x Sentences. 
650 0 |a English language  |x Technical English. 
650 0 |a English language  |x Grammar, Generative. 
830 0 |a Cambridge studies in linguistics ;  |v 3. 
999 |a MARS 
999 f f |s 54920ffc-d763-357f-a077-bbaaf8ac0515  |i c941a041-7b94-32d8-87b5-0b5cc07949f8  |t 0 
952 f f |p ric  |a Texas A&M University  |b Rellis Campus  |c Joint Library Facility  |s JLF  |d Remote Storage  |t 0  |e PE1375 .H8  |h Library of Congress classification  |i unmediated -- volume  |m A14803591895 
998 f f |a PE1375 .H8  |t 0  |l Remote Storage